New Towns of the United Kingdom on a Map Quiz Stats

 Plays Quiz not verified by Sporcle

Challenge
Share
Tweet
Score 0/33 Timer 10:00
0 Plays Today
% Correct
Milton Keynes
92%
Telford
66%
Crawley
58%
Harlow
52%
Welwyn Garden City
50%
Stevenage
46%
Cumbernauld
46%
Hemel Hempstead
44%
Runcorn
42%
Basildon
40%
Livingston
40%
Corby
36%
Warrington
36%
Cwmbran
34%
East Kilbride
34%
Derry
34%
Bracknell
32%
% Correct
Peterborough
32%
Northampton
32%
Washington
30%
Central Lancashire
30%
Peterlee
24%
Irvine
24%
Hatfield
22%
Glenrothes
22%
Skelmersdale
20%
Redditch
20%
Newtown
20%
Newton Aycliffe
16%
Craigavon
12%
Ballymena
10%
Stonehouse
8%
Antrim
8%

You're not logged in!

Compare scores with friends on all Sporcle quizzes.
Join for Free
OR
Log In

You Might Also Like...

Show Comments

Extras

Top Quizzes Today


Score Distribution

Your Account Isn't Verified!

In order to create a playlist on Sporcle, you need to verify the email address you used during registration. Go to your Sporcle Settings to finish the process.

Report this User

Report this user for behavior that violates our Community Guidelines.

Details: